[Event "TCh-BEL 2012-13"]
[Site "Belgium BEL"]
[Date "2013.02.17"]
[Round "9.7"]
[White "Van den Heede,D"]
[Black "Le Quang,K"]
[Result "0-1"]
[WhiteElo "1965"]
[BlackElo "2270"]

1.e4 c5 2.Nf3 e6 3.d4 cxd4 4.Nxd4 Nc6 5.Nc3 Qc7 6.Be3 a6 7.Be2 Nf6 8.a3 b5
9.O-O Bb7 10.f4 Nxd4 11.Qxd4 Rc8 12.Bf3 a5 13.h3 b4 14.e5 Nh5 15.Ne4 Bxe4
16.Bxe4 Ng3 17.Rf2 Bc5 18.Qd3 O-O 19.c3 f6 20.Bd4 fxe5 21.Bxh7+ Kh8 22.Bxe5 Qxe5
23.fxe5 Rxf2 24.Kh2 Rcf8 25.Bg6 Rf1 26.Rxf1 Rxf1  0-1

[Event "TCh-CZE Extraliga 2012-13"]
[Site "Czech Republic CZE"]
[Date "2013.02.17"]
[Round "6.6"]
[White "Kanovsky,D"]
[Black "Orsag,Mil1"]
[Result "1-0"]
[WhiteElo "2415"]
[BlackElo "2393"]

1.e4 c5 2.Nf3 e6 3.d4 cxd4 4.Nxd4 Nc6 5.Nc3 d6 6.Be3 Nf6 7.f4 e5 8.Nxc6 bxc6
9.Be2 Be7 10.Qd2 Ng4 11.Bxg4 Bxg4 12.O-O exf4 13.Bxf4 O-O 14.Kh1 Re8 15.Rae1 Qa5
16.Bxd6 Bf6 17.Qf4 Qh5 18.e5 Bg5 19.Qd4 Re6 20.Ne4 Rh6 21.Qg1 Bh4 22.Re3 Be2
23.Rf4 Bg4 24.h3 Bg5 25.Nxg5 Qxg5 26.Qf2 Be6 27.Rg3 Qd8 28.b3 Bd5 29.Kh2 Qd7
30.Rd4 Qb7 31.c4 Be6 32.Bc5 Qc7 33.Rd6 Rh5 34.Qf6 g6 35.Rgd3  1-0

[Event "TCh-CZE Extraliga 2012-13"]
[Site "Czech Republic CZE"]
[Date "2013.02.17"]
[Round "6.2"]
[White "Rasik,V"]
[Black "Laznicka,V"]
[Result "1/2-1/2"]
[WhiteElo "2516"]
[BlackElo "2674"]

1.e4 c5 2.Nf3 e6 3.d4 cxd4 4.Nxd4 Nc6 5.Nc3 a6 6.Nxc6 bxc6 7.e5 Qc7 8.Qe2 Ne7
9.f4 c5 10.Ne4 Nf5 11.Bd2 Bb7 12.O-O-O Qc6 13.Ng3 Nd4 14.Qd3 Rc8 15.Kb1 Be7
16.Bc1 O-O 17.c3 Qa4 18.cxd4 Bd5 19.b3 Rb8 20.Bb2 Bxb3 21.axb3 Rxb3 22.Qc2 Rfb8
23.Rd3 Rxb2+ 24.Qxb2 Rxb2+ 25.Kxb2 d5 26.exd6 Bf6 27.Ne2 Qc6 28.Rg1 Qxd6  1/2-1/2

[Event "TCh-CZE Extraliga 2012-13"]
[Site "Czech Republic CZE"]
[Date "2013.02.17"]
[Round "6.6"]
[White "Ponizil,C"]
[Black "Jansa,Vl"]
[Result "1-0"]
[WhiteElo "2377"]
[BlackElo "2451"]

1.e4 c5 2.Nf3 e6 3.d4 cxd4 4.Nxd4 Nc6 5.Nc3 a6 6.Be3 Nf6 7.Bd3 d5 8.exd5 exd5
9.Qd2 Be7 10.h3 O-O 11.O-O-O Be6 12.g4 Rc8 13.Kb1 Bb4 14.a3 Ba5 15.g5 Ne8
16.Nb3 Bb6 17.Bxb6 Qxb6 18.Qf4 Ne7 19.h4 Ng6 20.Qg3 Qd6 21.Rhe1 Qxg3 22.fxg3 Ne7
23.Nd4 Nc7 24.Re5 Nc6 25.Nxc6 bxc6 26.Na4 a5 27.Nc5 Bg4 28.Be2 Bxe2 29.Rxe2 Rfe8
30.Rde1 Rxe2 31.Rxe2 Ne6 32.Nxe6 fxe6 33.Rxe6 Kf7 34.Re5 a4 35.c3 Rb8 36.Kc2 Rb7
37.Rf5+ Ke7 38.h5 Kd6 39.h6 Re7 40.Rf4 gxh6 41.gxh6 Re2+ 42.Kc1 Rh2 43.Rxa4 Rxh6
44.Rg4 Rh2 45.a4 Kc5 46.Rb4 h5 47.Rh4 Rg2 48.b4+ Kb6 49.Rxh5 Rxg3 50.Kc2 Rg7
51.Rh6 Kb7 52.Re6 Rg2+ 53.Kd3 Rg3+ 54.Re3 Rg7 55.Rf3 Rg4 56.Rf7+ Kb6 57.Rd7 Rg3+
58.Kc2 Rg8 59.Kb3 Ka6 60.a5 Rg4 61.Re7 Rh4 62.Rg7 Rf4 63.Rc7 Rc4 64.Rd7 Rh4
65.Ka3 Rc4 66.Kb2 Rh4 67.Rc7 Kb5 68.Kb3 Rc4 69.Ra7 c5 70.Rb7+ Kc6 71.Rb6+ Kc7
72.b5  1-0

[Event "TCh-CZE Extraliga 2012-13"]
[Site "Czech Republic CZE"]
[Date "2013.02.17"]
[Round "6.4"]
[White "Klima,L"]
[Black "Jaracz,P"]
[Result "1/2-1/2"]
[WhiteElo "2340"]
[BlackElo "2548"]

1.e4 c5 2.Nf3 e6 3.d4 cxd4 4.Nxd4 Nc6 5.Nc3 Qc7 6.g3 a6 7.Bg2 d6 8.O-O Bd7
9.Re1 Be7 10.Nxc6 Bxc6 11.Qg4 h5 12.Qe2 h4 13.Be3 hxg3 14.hxg3 Nf6 15.a4 Kf8
16.a5 Rc8 17.f4 Nd7 18.Qd2 Nf6 19.Qe2 Nd7 20.Qd2 Nf6  1/2-1/2

[Event "US Amateur Team East 2013"]
[Site "Parsippany USA"]
[Date "2013.02.17"]
[Round "3"]
[White "Rozman,Levy"]
[Black "Rohde,M"]
[Result "0-1"]
[WhiteElo "2205"]
[BlackElo "2457"]

1.e4 c5 2.Nf3 e6 3.d4 cxd4 4.Nxd4 Nc6 5.Nc3 Qc7 6.g3 a6 7.Bg2 Nf6 8.O-O d6
9.Nb3 Be7 10.Qe2 b5 11.a3 Bb7 12.f4 O-O 13.Be3 Rfe8 14.Rad1 Rac8 15.Rfe1 Bf8
16.Bf3 b4 17.axb4 Nxb4 18.Rd2 d5 19.e5 Ne4 20.Nxe4 dxe4 21.Bg2 Red8 22.Rxd8 Rxd8
23.c3 Nd3 24.Rd1 Bd5 25.Nc1 Rb8 26.Nxd3 exd3 27.Qf2 Bxg2 28.Qxg2 Qc4 29.Qf2 a5
30.Bd4 a4 31.Rd2 h6 32.Kg2 Rb3 33.Qe3 Qb5 34.Qf2 Be7 35.Kh3 g5 36.Qf3 Rxb2
37.Rxd3 Rc2 38.f5 exf5 39.Qxf5 Qd5 40.Qc8+ Bf8 41.Qf5 a3 42.Qf1 a2 43.Rd1 Qe4
44.g4 h5  0-1

[Event "e2e4 Brighton Masters 2013"]
[Site "Brighton ENG"]
[Date "2013.02.20"]
[Round "8"]
[White "Arvola,B"]
[Black "Andreev,Pete"]
[Result "1-0"]
[WhiteElo "2346"]
[BlackElo "2002"]

1.e4 c5 2.Nf3 Nc6 3.d4 cxd4 4.Nxd4 e6 5.Nc3 Qc7 6.Nf3 a6 7.Bd3 Nf6 8.O-O Bb4
9.Qe2 Ng4 10.Nd5 exd5 11.exd5+ Ne7 12.Qe4 Nxf2 13.Rxf2 Bc5 14.Be3 f5 15.Qc4 d6
16.Bxc5 Qxc5 17.Qxc5 dxc5 18.Re1 Kf8 19.Rfe2 Ng6 20.Re8+ Kf7 21.Ng5+ Kf6
22.Rxh8 Nxh8 23.Nxh7+ Kg6 24.Re8 Kxh7 25.Rxc8  1-0

[Event "ch-CHI Final 2013"]
[Site "Iquique CHI"]
[Date "2013.02.21"]
[Round "10.2"]
[White "Lopez Silva,H"]
[Black "Torres Bravo,C"]
[Result "1/2-1/2"]
[WhiteElo "2403"]
[BlackElo "2314"]

1.e4 c5 2.Nf3 Nc6 3.d4 cxd4 4.Nxd4 e6 5.Nc3 Qc7 6.g3 a6 7.Bg2 h5 8.h3 h4
9.g4 Nge7 10.Nde2 Ng6 11.Be3 Nce5 12.b3 Ba3 13.f4 Nc6 14.e5 d5 15.exd6 Bxd6
16.Bb6 Qxb6 17.Qxd6 Bd7 18.O-O-O O-O-O 19.Na4 Qc7 20.Nc5 Be8 21.Qxc7+ Kxc7
22.f5 exf5 23.gxf5 Nge7 24.Be4 Rh5 25.Nf4 Rh6 26.c3 a5 27.a3 b6 28.Na6+ Kc8
29.b4 axb4 30.axb4 Bd7 31.b5 Na5 32.Nd5  1/2-1/2

[Event "21st Fajr Open"]
[Site "Mashhad IRI"]
[Date "2013.02.21"]
[Round "2.2"]
[White "Darini,P"]
[Black "Babayan,Arm"]
[Result "0-1"]
[WhiteElo "2514"]
[BlackElo "2062"]

1.e4 c5 2.Nf3 e6 3.d4 cxd4 4.Nxd4 Nc6 5.Nc3 a6 6.Be2 Qc7 7.O-O Nf6 8.Be3 Bb4
9.Na4 b5 10.Nxc6 dxc6 11.Nb6 Rb8 12.Nxc8 Rxc8 13.a4 O-O 14.axb5 cxb5 15.Bd3 Bd6
16.Kh1 Qc6 17.Ra2 Bc7 18.f3 Nd7 19.f4 f5 20.Qf3 Ne5 21.Qd1 Nxd3 22.Qxd3 fxe4
23.Qe2 a5 24.Raa1 b4 25.b3 Bd8 26.Rf2 Qc3 27.Raf1 Bf6 28.Kg1 Rfd8 29.f5 exf5
30.Rxf5 Rf8 31.Kh1 Bd4 32.Qf2 Rxf5 33.Qxf5 Bf6 34.Bd4 Qc6 35.Bxf6 Rf8 36.Qxa5 Rxf6
37.Qd8+ Kf7 38.Re1 e3  0-1

[Event "Reykjavik Open 2013"]
[Site "Reykjavik ISL"]
[Date "2013.02.21"]
[Round "4.19"]
[White "Hagen,Andr"]
[Black "Kristjansson,St"]
[Result "0-1"]
[WhiteElo "2411"]
[BlackElo "2486"]

1.e4 c5 2.Nf3 e6 3.d4 cxd4 4.Nxd4 Nc6 5.Nc3 Qc7 6.Be3 a6 7.Qd2 Nf6 8.O-O-O Bb4
9.f3 O-O 10.g4 b5 11.g5 Nh5 12.Nxc6 dxc6 13.Kb1 e5 14.a3 Be7 15.Qf2 Rb8 16.Bc5 Nf4
17.h4 a5 18.Bxe7 Qxe7 19.Ne2 Nxe2 20.Bxe2 a4 21.c3 Be6 22.Ka1 c5 23.Rb1 Rb6
24.f4 exf4 25.Qxf4 b4 26.Qe5 Rfb8 27.Bc4 bxa3 28.bxa3 Qb7 29.Bd3 Rb3 30.Qxc5 Rb2
31.c4 Qb3  0-1

[Event "Reykjavik Open 2013"]
[Site "Reykjavik ISL"]
[Date "2013.02.21"]
[Round "4.11"]
[White "Drill,F"]
[Black "Olafsson,F"]
[Result "1/2-1/2"]
[WhiteElo "2124"]
[BlackElo "2416"]

1.e4 c5 2.Nf3 e6 3.d4 cxd4 4.Nxd4 Nc6 5.Nc3 Qc7 6.f4 a6 7.Nf3 Nge7 8.Bd3 Ng6
9.f5 Nge5 10.Nxe5 Nxe5 11.O-O b5 12.a3 Bb7 13.Kh1 Be7 14.Bf4 g6 15.f6 Bxf6
16.Bxb5 O-O 17.Bh6 Bg7 18.Bxg7 Kxg7 19.Be2 Qc5 20.Qd2 h6  1/2-1/2

[Event "33rd TCh-IND 2013"]
[Site "Hyderabad IND"]
[Date "2013.02.22"]
[Round "3.4"]
[White "Deepak,Ka"]
[Black "Himanshu,Sh"]
[Result "0-1"]
[WhiteElo "2242"]
[BlackElo "2397"]

1.e4 c5 2.Nf3 e6 3.d4 cxd4 4.Nxd4 Nc6 5.Nc3 Qc7 6.Be2 a6 7.O-O Nf6 8.Be3 Be7
9.f4 d6 10.a4 O-O 11.Kh1 Nd7 12.Nb3 b6 13.Bf3 Rb8 14.Qd2 Na5 15.Nxa5 bxa5
16.b3 Bb7 17.Ne2 Nc5 18.Ng3 Bh4 19.Qd4 Rbc8 20.Rad1 Rfd8 21.Nh5 e5 22.Qc4 g6
23.fxe5 dxe5 24.Rxd8+ Bxd8 25.Bg4 Nxe4 26.Bxc8 Qxc4 27.bxc4 Bxc8 28.Rd1 Bc7
29.Ng3 Nc3 30.Ra1 Bd7 31.Bd2 Nxa4 32.Ne4 Kg7 33.Nc3 Nxc3 34.Bxc3 a4 35.Re1 Kf6
36.c5 Ke6 37.Rd1 f5 38.Kg1 f4 39.h4 h6 40.Kf2 Bc6 41.Ba5 Bxa5 42.Rd6+ Kf5
43.Rxc6 Bb4 44.Rxa6 Bxc5+ 45.Kf3 a3 46.g4+ fxg3 47.Kxg3 h5 48.Ra5 Be7 49.Ra7 Bd6
50.Ra6 Be7 51.Ra7 Ke6 52.c4 Bb4 53.Ra4 Bd6 54.Kf3 Kf5 55.Ra5 Bb4 56.Ra7 e4+
57.Ke2 Ke5 58.Ra6 Kd4 59.Rxg6 Bc5 60.Kd2 Kxc4 61.Kc2 e3 62.Rh6 e2 63.Re6 a2
64.Kb2 Kd3 65.Kxa2 Be3  0-1

[Event "I Montcada Closed"]
[Site "Montcada i Reixac ESP"]
[Date "2013.02.22"]
[Round "3.3"]
[White "Lorenzo de la Riva,L"]
[Black "Cruz,Cr"]
[Result "1-0"]
[WhiteElo "2436"]
[BlackElo "2505"]

1.e4 c5 2.Nf3 Nc6 3.d4 cxd4 4.Nxd4 e6 5.Nc3 Qc7 6.Be3 a6 7.Qd2 Nf6 8.O-O-O Be7
9.f3 d6 10.g4 h6 11.Kb1 Nxd4 12.Bxd4 b5 13.h4 Bb7 14.Bh3 g5 15.Bf1 Rg8 16.hxg5 hxg5
17.Bd3 Nd7 18.Rh7 Ne5 19.Qf2 Bc6 20.Ne2 Nxd3 21.cxd3 b4 22.f4 Bb5 23.fxg5 Bxg5
24.Bb6 Qe7 25.Nd4 Ba4 26.b3 Bd7 27.Nf3 Bf4 28.g5 e5 29.g6 Be6 30.Nd4 Rf8
31.Nf5 Bxf5 32.exf5 Rc8 33.Qf3 Qf6 34.Qb7 Qxf5 35.gxf7+  1-0

[Event "Reykjavik Open 2013"]
[Site "Reykjavik ISL"]
[Date "2013.02.22"]
[Round "5.23"]
[White "Wang Jue"]
[Black "Yilmaz,M"]
[Result "1/2-1/2"]
[WhiteElo "2375"]
[BlackElo "2531"]

1.e4 c5 2.Nf3 e6 3.d4 cxd4 4.Nxd4 Nc6 5.Nc3 Qc7 6.Be2 a6 7.O-O Nf6 8.Be3 Be7
9.f4 d6 10.Kh1 O-O 11.Qe1 Nxd4 12.Bxd4 b5 13.a3 Bb7 14.Qg3 Rad8 15.Rae1 Rd7
16.Bd3 Qd8 17.Re2 g6 18.f5 e5 19.Be3 Kh8 20.Ref2 Rg8 21.fxg6 Rxg6 22.Qh3 Bc8
23.Rf5 Qg8 24.Qf3 Rd8 25.Nd5 Nxd5 26.exd5 Bxf5 27.Bxf5 Rf6 28.h4 Rxf5 29.Qxf5 Qg6
30.Qxg6 fxg6 31.Rf7 Re8 32.Bh6 Kg8 33.Rg7+ Kh8 34.Rf7 Bxh4 35.Rd7 Be7 36.Be3 Kg8
37.Ra7 Kf8 38.Rxa6 Rc8 39.c3 Rc4 40.Kg1 Re4 41.Kf2 Ra4 42.Rb6 Ra5 43.Rb7 h5
44.Kf3 Ke8 45.Bc1 b4 46.axb4 Rxd5 47.Be3 Rd1 48.b5 d5 49.b6 Bd6 50.Rg7 Rb1
51.b4 d4 52.cxd4 exd4 53.Bxd4 Rxb4 54.Be3 Rb3 55.Ke4 Be7 56.Bd4 Rb5 57.Rxg6 Kd7
58.Rg7 Ke6 59.Rh7 Rb4 60.Rh6+ Kd7 61.Kd5 Rb5+ 62.Kc4 Rb4+ 63.Kc3 Rb5 64.Rh8 Bd6
65.Kc4 Rb4+ 66.Kd5 Rb5+ 67.Ke4 Rg5 68.Rh7+ Kc6 69.Kf3 Rf5+ 70.Ke2 Rg5 71.Kf2 Rf5+
72.Kg1 Rd5 73.Be3 Rf5 74.Bf2 Bf4 75.Rg7 Be5 76.Rg6+ Kb7 77.g3 Rf3 78.Kg2 Rf5
79.Be3 Bb8 80.Re6 Be5 81.Re7+ Kc6 82.b7 Bxg3 83.Kxg3 Rb5 84.Re5 Rxb7 85.Rxh5 Rf7
86.Bf4 Rf6 87.Kf3 Re6 88.Be5 Kd5 89.Kf4 Re8 90.Rf5 Re6 91.Rf8 Rh6 92.Rd8+ Kc6
93.Ke4 Rh1 94.Rc8+ Kd7 95.Rc7+ Ke6 96.Rc6+ Kd7 97.Ra6 Rd1 98.Bd4 Ke7 99.Kd5 Kf7
100.Rf6+ Ke7 101.Rg6 Kd7 102.Rg7+ Kd8 103.Rh7 Rd2 104.Rh8+ Kd7 105.Ra8 Rd1
106.Ra7+ Kd8 107.Ke5 Kc8 108.Rh7 Rd2 109.Bc5 Rd7 110.Rh6 Rd1 111.Bd4 Kd7
112.Rd6+ Kc8 113.Ke6 Kb7 114.Kd7 Rb1 115.Rc6 Rb4 116.Bc5 Rb3 117.Rc7+ Ka6
118.Kc6 Rb6+ 119.Kd5 Rb7 120.Rc8 Rb3 121.Ra8+ Kb5 122.Rb8+ Ka4 123.Rc8 Rb7
124.Ra8+ Kb5 125.Ra3 Rd7+ 126.Bd6 Rb7 127.Rc3 Ka6 128.Bc5 Kb5 129.Rc1 Rd7+
130.Bd6 Rb7 131.Ra1 Kb6 132.Bc5+ Kb5 133.Rb1+ Ka6 134.Ra1+  1/2-1/2

[Event "Reykjavik Open 2013"]
[Site "Reykjavik ISL"]
[Date "2013.02.22"]
[Round "5.102"]
[White "Holm,Fridgeir K"]
[Black "Petersen,Jakob Alexander"]
[Result "1-0"]
[WhiteElo "1733"]
[BlackElo "1370"]

1.e4 c5 2.Nf3 e6 3.d4 cxd4 4.Nxd4 Nc6 5.Nc3 g6 6.Be3 Bg7 7.Qd2 Nge7 8.O-O-O O-O
9.h4 h5 10.g4 hxg4 11.h5 Nxd4 12.Bxd4 Bxd4 13.Qxd4 Nc6 14.Qd2 g5 15.e5 f5
16.f4 gxf3 17.Rg1 g4 18.Bc4 Qe7 19.Nb5 a6 20.Nd6 b5 21.Bf1 Kh7 22.Bd3 Nb4
23.Rxg4 Nxd3+ 24.Qxd3 Kh8 25.Rg6 f2 26.Qg3 f4 27.Qf3 Qh7 28.Qxa8 f3 29.Rf1 Qxh5
30.Nf7+ Kh7 31.Rh6+  1-0

[Event "Reykjavik Open 2013"]
[Site "Reykjavik ISL"]
[Date "2013.02.22"]
[Round "5.6"]
[White "Baklan,V"]
[Black "Socko,B"]
[Result "1/2-1/2"]
[WhiteElo "2609"]
[BlackElo "2643"]

1.e4 c5 2.Nf3 e6 3.Nc3 Nc6 4.d4 cxd4 5.Nxd4 Qc7 6.g3 a6 7.Bg2 d6 8.O-O Bd7
9.Nb3 Nf6 10.f4 Be7 11.Kh1 O-O 12.a4 Rad8 13.Be3 Na5 14.Nxa5 Qxa5 15.Qe1 Kh8
16.Bd2 Qc7 17.a5 Bc6 18.Be3 Nd7 19.g4 f5 20.Qg3 Bf6 21.exf5 exf5 22.Nd5 Bxd5
23.Bxd5 fxg4 24.c3 Rde8 25.Bg1 b6 26.Qxg4 bxa5 27.Rf3 g6 28.Rh3 Kg7 29.Rd1 Re7
30.f5 Ne5 31.Qg2 Qd7 32.fxg6 Nxg6 33.Be3 Rfe8 34.Bc6 Qxh3 35.Qxh3 Rxe3 36.Qg4 R8e5
37.Rf1 Re2 38.Bf3 Rxb2 39.Be4 Bg5 40.Qd7+ Be7 41.Qg4 a4 42.Rg1 Rg5 43.Qd7 Rxg1+
44.Kxg1 a3 45.Bxg6 a2 46.Qxe7+ Kxg6 47.Qxd6+  1/2-1/2

[Event "ch-ROU w 2013"]
[Site "Baile Olanesti ROU"]
[Date "2013.02.23"]
[Round "8.1"]
[White "Sandu,Mi"]
[Black "Peptan,C"]
[Result "1-0"]
[WhiteElo "2222"]
[BlackElo "2443"]

1.e4 c5 2.Nf3 e6 3.d4 cxd4 4.Nxd4 Nc6 5.Nc3 Qc7 6.f4 a6 7.Nxc6 Qxc6 8.Bd3 b5
9.Qe2 Bb7 10.Bd2 Be7 11.a3 Rc8 12.O-O Nf6 13.e5 Nd5 14.f5 Nxc3 15.Bxc3 exf5
16.Bxf5 Qc4 17.Bd3 Qh4 18.Rad1 Bc5+ 19.Kh1 Rc6 20.Be1 Qe7 21.Be4 Qxe5 22.Bc3 Qe7
23.Qg4 d5 24.Qxg7 Rf8 25.Bxd5 Rg6 26.Qxh7 Be3 27.Qh3 Bxd5 28.Rxd5 Re6 29.Bb4 Qb7
30.Qxe6+  1-0

[Event "Bundesliga 2012-13"]
[Site "Bremen GER"]
[Date "2013.02.23"]
[Round "9"]
[White "Pruijssers,R"]
[Black "Bischoff,K"]
[Result "1-0"]
[WhiteElo "2519"]
[BlackElo "2519"]

1.e4 c5 2.Nf3 e6 3.d4 cxd4 4.Nxd4 Nc6 5.Nc3 d6 6.g4 a6 7.Be3 Bd7 8.g5 Nge7
9.h4 Nxd4 10.Qxd4 Nc6 11.Qd2 Ne5 12.O-O-O Qc7 13.f4 Nc4 14.Bxc4 Qxc4 15.Kb1 b5
16.b3 Qc6 17.Rhe1 Qb7 18.Bd4 O-O-O 19.Ne2 Bc6 20.Ng3 Kb8 21.Qe2 Rc8 22.Nh5 Rg8
23.Rd3 Ka8 24.Bb2 d5 25.e5 b4 26.Qd2 Bb5 27.Rh3 Rc6 28.Bd4 Be7 29.Rc1 a5
30.Qf2 Qd7 31.f5 Bd8 32.Rf3 Qe8 33.Ng3 Kb7 34.Ne2 g6 35.fxg6 fxg6 36.Rf7+ Rc7
37.Rxc7+ Bxc7 38.Rf1 Qc6 39.Qe3 Qa6 40.Rf2 Rc8 41.Nf4 Bd8 42.Qh3 Rc6 43.Nxd5 exd5
44.Qd7+ Rc7 45.Qxd8 Qc6 46.Ka1  1-0

[Event "21st Fajr Open"]
[Site "Mashhad IRI"]
[Date "2013.02.23"]
[Round "6.1"]
[White "Noroozi,O"]
[Black "Ghaem Maghami,E"]
[Result "1-0"]
[WhiteElo "2347"]
[BlackElo "2568"]

1.e4 c5 2.Nf3 e6 3.d4 cxd4 4.Nxd4 Nc6 5.Nc3 Qc7 6.Be2 a6 7.Be3 Nf6 8.O-O Be7
9.f4 d6 10.Qe1 O-O 11.Qg3 Bd7 12.Rae1 b5 13.a3 Rfe8 14.e5 dxe5 15.fxe5 Nxe5
16.Bh6 g6 17.Bf4 Bd6 18.Bd1 Nc4 19.Bxd6 Qxd6 20.Qxd6 Nxd6 21.Rxf6 Kg7 22.Rf2 Rac8
23.Nf3 Nc4 24.Ne5 Nxe5 25.Rxe5 Rc7 26.Bf3 Rec8 27.Rd2 Be8 28.Rd6 Ra7 29.Re2  1-0

[Event "Reykjavik Open 2013"]
[Site "Reykjavik ISL"]
[Date "2013.02.23"]
[Round "6.80"]
[White "Kristinardottir,E"]
[Black "Andreasen,Ja"]
[Result "1/2-1/2"]
[WhiteElo "1747"]
[BlackElo "1992"]

1.e4 c5 2.Nf3 Nc6 3.Nc3 e6 4.d4 cxd4 5.Nxd4 d6 6.Be3 Nf6 7.f3 Be7 8.Qd2 a6
9.O-O-O Qc7 10.h4 b6 11.g4 Bb7 12.Qf2 b5 13.h5 Ne5 14.g5 Nfd7 15.Kb1 Nc4
16.Bxc4 Qxc4 17.g6 O-O-O 18.gxf7 Rdf8 19.Rd3 Ne5 20.Nd5 exd5 21.Rc3 Qxc3
22.bxc3 Rxf7 23.Nf5 dxe4 24.Nxe7+ Rxe7 25.fxe4 Bxe4 26.Qh4 Nc6 27.Bg5 Re6
28.Rf1 g6 29.hxg6 Bxg6 30.Qg4 Re8 31.Rf6 Kd7 32.Rxe6 Rxe6 33.c4 b4 34.Bh4 a5
35.Kb2 a4 36.c3 Ne5 37.Qd4 Nd3+ 38.Ka1 Re4 39.Qa7+ Ke6 40.Qe7+ Kf5 41.Qg5+ Ke6
42.Qf6+ Kd7 43.Qd8+ Ke6 44.Qe7+ Kf5 45.Qd7+ Kf4 46.Qxd6+ Ke3 47.Bg5+ Ke2
48.cxb4 Rxc4 49.Qh2+ Kf3 50.Qh1+ Ke2 51.Qg2+ Nf2 52.Kb2 Rxb4+ 53.Ka3 Rg4
54.Qd5 Re4 55.Qd2+ Kf3 56.Bh6 Ng4 57.Bf8 Ne3 58.Qh2 Nc2+ 59.Kb2 Ne3 60.Qh3+ Ke2
61.Qh2+ Kd3 62.Qd6+ Rd4 63.Qg3 Rc4 64.Bh6 Re4 65.Ka3 Ke2 66.Qh2+ Kd3 67.Qd6+ Ke2
68.Qa6+ Kf3 69.Qf6+ Ke2 70.Qb2+ Kd3 71.Qb5+ Kd2 72.Qd5+ Ke2 73.Qb5+ Kf3 74.Qd3 Bf5
75.Bg5 Bg6 76.Bh6 Bf5  1/2-1/2

[Event "Reykjavik Open 2013"]
[Site "Reykjavik ISL"]
[Date "2013.02.23"]
[Round "6.51"]
[White "Palmqvist,F"]
[Black "Ptacnikova,L"]
[Result "1-0"]
[WhiteElo "2050"]
[BlackElo "2269"]

1.e4 c5 2.Nc3 e6 3.Nf3 Nc6 4.d4 cxd4 5.Nxd4 Nf6 6.Nxc6 bxc6 7.e5 Nd5 8.Ne4 Qc7
9.f4 Qb6 10.c4 Ne3 11.Qd3 Nxf1 12.Rxf1 a5 13.b3 a4 14.Be3 Qa5+ 15.Kf2 axb3
16.axb3 Qxa1 17.Rxa1 Rxa1 18.Nd6+ Bxd6 19.Qxd6 Ra2+ 20.Kf3 f5 21.exf6 gxf6
22.Bc5 Kd8 23.Qe7+ Kc7 24.Bd6+ Kb7 25.Qg7 Re8 26.Qf7 Rh8 27.Be7 h5 28.Bxf6 Rh6
29.Qg7 Rxf6 30.Qxf6 c5 31.Qe5 Kc6 32.Qxh5 Rb2 33.g4 Rxb3+ 34.Kf2 Ba6 35.g5 Bxc4
36.g6 Rb8 37.g7 e5 38.Qxe5 d6 39.Qf6  1-0

[Event "29th Open"]
[Site "Cappelle la Grande FRA"]
[Date "2013.02.24"]
[Round "2.71"]
[White "McDonald,N"]
[Black "Grochal,J"]
[Result "1-0"]
[WhiteElo "2433"]
[BlackElo "2175"]

1.e4 c5 2.Nf3 e6 3.d4 cxd4 4.Nxd4 Nc6 5.Nc3 Qc7 6.Be3 Nf6 7.Qd2 a6 8.O-O-O Bb4
9.f3 Ne5 10.Kb1 O-O 11.Bg5 Ne8 12.h4 Bxc3 13.Qxc3 Qxc3 14.bxc3 f6 15.Bc1 d6
16.Be2 b5 17.Ba3 Rf7 18.Rd2 Rc7 19.Kb2 Kf7 20.Rhd1 Bb7 21.Nb3 Rac8 22.Na5 Nc6
23.Nxb7 Rxb7 24.Bxd6 b4 25.Bxb4 Nc7 26.Rd7+ Kg6 27.Kc1 Nxb4 28.cxb4 Rxb4
29.R1d6 Nb5 30.Bxb5 axb5 31.Rxe6 Rbc4 32.Rd2 Ra4 33.Rb6 b4 34.Kb2 Kh5 35.Rb7 Rca8
36.Rxg7 Rxa2+ 37.Kb3 R2a3+ 38.Kc4 Rc8+ 39.Kxb4 Ra1 40.c4 Kxh4 41.Rg4+ Kh5
42.Rd5+ Kh6 43.e5 Rb1+ 44.Kc3 Rc1+ 45.Kd3 f5 46.Rd6+ Kh5 47.Rgd4 Rg1 48.Ke3 Kg5
49.Rd7 h5 50.Kf2 Rc1 51.Rg7+ Kh6 52.Rf7 Rg8 53.Rf6+ Kg5 54.Kg3 Rc3 55.Rf4 Rg6
56.R4xf5+ Kh6+ 57.Rxg6+ Kxg6 58.Rf6+ Kg5 59.Rc6 h4+ 60.Kh2 Rc1 61.Rc8 Kf5
62.c5 Kxe5 63.Rh8 h3 64.Rxh3  1-0

[Event "29th Open"]
[Site "Cappelle la Grande FRA"]
[Date "2013.02.24"]
[Round "2.52"]
[White "Baron,Ta"]
[Black "Haast,A"]
[Result "1-0"]
[WhiteElo "2470"]
[BlackElo "2268"]

1.e4 c5 2.Nf3 e6 3.d4 cxd4 4.Nxd4 Nc6 5.Nc3 Qc7 6.Be2 a6 7.O-O Nf6 8.Be3 Bb4
9.Nxc6 bxc6 10.Qd4 c5 11.Qc4 Bb7 12.a3 Bxc3 13.Qxc3 O-O 14.f3 Rfc8 15.Bg5 Ne8
16.Qd2 d6 17.Rfd1 Bc6 18.b3 Rcb8 19.a4 Rb4 20.Qe1 a5 21.Bd2 Rbb8 22.Bc3 Rd8
23.Bb5 Bb7 24.Rd3 d5 25.exd5 exd5 26.Re3 Nd6 27.Re7 Qb6 28.Be5 Ba6 29.Bxd6 Qxd6
30.Be8 f6 31.Re6 Qc7 32.Rd1 Bc8 33.Re7 Qd6 34.Bb5 Ba6 35.Re6  1-0

[Event "29th Open"]
[Site "Cappelle la Grande FRA"]
[Date "2013.02.24"]
[Round "2.27"]
[White "Djukic,Ni"]
[Black "Pogorelov,R"]
[Result "1/2-1/2"]
[WhiteElo "2538"]
[BlackElo "2403"]

1.e4 c5 2.Nf3 e6 3.d4 cxd4 4.Nxd4 Nc6 5.Nc3 Qc7 6.Be2 a6 7.O-O Nf6 8.Kh1 Nxd4
9.Qxd4 Bc5 10.Qd3 b5 11.Bg5 Bb7 12.a3 h5 13.f4 Ng4 14.Bh4 Ne3 15.Rf3 Nc4
16.b3 Nb6 17.Raf1 Qd6 18.Qxd6 Bxd6 19.Bf2 Nc8 20.Bd4 Bxa3 21.f5 f6 22.e5 Bxf3
23.Bxf3 Rb8 24.exf6 gxf6 25.fxe6 Be7 26.Nd5 dxe6 27.Nxf6+ Bxf6 28.Bc6+ Ke7
29.Bxf6+ Kd6 30.Bf3 Rf8 31.Rd1+ Kc5 32.Be5 Rxf3 33.gxf3 Rb7 34.Ra1 Kd5 35.Bg3 Rb6
36.Rd1+ Kc6 37.Rd8 Kb7 38.Rd7+ Ka8 39.Rc7 Na7 40.Bf2 Rb7 41.Rc5 Rh7 42.Re5 Nc6
43.Rxe6 Kb7 44.f4 Rf7 45.Be3 a5 46.Kg2 a4 47.bxa4 bxa4 48.Re4 Re7 49.Kf3 Rxe4
50.Kxe4 a3 51.Bc1 a2 52.Bb2 Kc7 53.Kf5 Kd7 54.Kg6 h4 55.f5 Ne7+ 56.Kg5 Nd5
57.c4 Nb6 58.Kxh4 Nxc4 59.Bc3 Ke7 60.Kg5 Kf7 61.h4 Nd2 62.Bb2 Ne4+ 63.Kg4 Nf6+
64.Kf4 Nh7 65.h5 Nf6 66.h6 Nh7 67.Kf3 Kg8 68.Ke4 Kf7 69.Kd5 Ng5 70.Kc4 Kg8
71.Kb3 Nf7  1/2-1/2

[Event "29th Open"]
[Site "Cappelle la Grande FRA"]
[Date "2013.02.24"]
[Round "2.17"]
[White "Vovk,A"]
[Black "Barlov,D"]
[Result "1-0"]
[WhiteElo "2564"]
[BlackElo "2461"]

1.e4 c5 2.Nf3 e6 3.d4 cxd4 4.Nxd4 Nc6 5.Nc3 a6 6.Be3 Nf6 7.f3 d5 8.exd5 Nxd5
9.Nxd5 Qxd5 10.Bd3 Ne5 11.Be4 Qa5+ 12.c3 Qc7 13.Qe2 Nd7 14.O-O-O Nf6 15.Bc2 Be7
16.Kb1 Bd7 17.Bf2 b5 18.Bg3 Qc4 19.Bd3 Qc8 20.Be5 O-O 21.h4 Be8 22.h5 Nd7
23.h6 g6 24.Bg7 Nc5 25.Bc2 Bd7 26.Bxf8 Bxf8 27.Qe5 Ra7 28.f4 Qc7 29.Nf3 Bc6
30.Qxc7 Rxc7 31.Rd8 Nb7 32.Rb8 Nd6 33.Rd1 Bd5 34.Bb3 Nc4 35.Ng5 f6 36.Rxd5 fxg5
37.Rdd8 Rf7 38.Bxc4 bxc4 39.fxg5 Rf1+ 40.Kc2 Rf2+ 41.Kd1  1-0

[Event "TCh-CZE Div1 Zapad 2012-13"]
[Site "Czech Republic CZE"]
[Date "2013.02.24"]
[Round "8.6"]
[White "Pulpan,J"]
[Black "Folk,P"]
[Result "1/2-1/2"]
[WhiteElo "2099"]
[BlackElo "2228"]

1.e4 c5 2.Nf3 Nc6 3.d4 cxd4 4.Nxd4 e6 5.Nc3 Qc7 6.Ndb5 Qb8 7.Be2 a6 8.Nd4 Nf6
9.O-O b5 10.Be3 Bb7 11.f4 Bc5 12.Kh1 Qa7 13.Nxc6 Bxc6 14.Bxc5 Qxc5 15.e5 Ne4
16.Nxe4 Bxe4 17.Bf3 Bc6 18.c3 O-O 19.Qd2 f6 20.Rae1 Rad8 21.exf6 gxf6 22.Bxc6 Qxc6
23.f5 e5 24.Qh6 Kh8 25.Rf3 Rf7 26.Rg3 Rg8 27.Ree3 Rxg3 28.hxg3 Qc4 29.Kh2 Qg4
30.Rf3 d5 31.Qd2 Rd7 32.Qh6 Rf7 33.Qd2 Qh5+ 34.Kg1 Rd7 35.Rd3 Qxf5 36.Rxd5 Rxd5
37.Qxd5 Kg7 38.Qb7+ Kg6 39.Qxa6 Qb1+ 40.Kh2 Qxb2 41.a4 bxa4 42.Qxa4  1/2-1/2

[Event "29th Open"]
[Site "Cappelle la Grande FRA"]
[Date "2013.02.25"]
[Round "3.21"]
[White "Mateo,Ra"]
[Black "Ter Sahakyan,S"]
[Result "0-1"]
[WhiteElo "2427"]
[BlackElo "2563"]

1.e4 c5 2.Nf3 e6 3.d4 cxd4 4.Nxd4 Nc6 5.Nc3 d6 6.g4 a6 7.Be3 Nge7 8.h4 b5
9.g5 Bb7 10.Bg2 Rc8 11.Nxc6 Nxc6 12.f4 Na5 13.Bd4 Nc4 14.b3 e5 15.Bf2 Na3
16.Rh3 b4 17.Qc1 Qa5 18.Na4 Nxc2+ 19.Kf1 Nxa1 20.Qxa1 Be7 21.f5 Rc2 22.Kg1 Qc7
23.Qf1 h6 24.f6 gxf6  0-1

[Event "29th Open"]
[Site "Cappelle la Grande FRA"]
[Date "2013.02.25"]
[Round "3.88"]
[White "Nilsson,S"]
[Black "Devoille,H"]
[Result "1/2-1/2"]
[WhiteElo "2330"]
[BlackElo "1956"]

1.e4 c5 2.Nf3 e6 3.d4 cxd4 4.Nxd4 Nc6 5.Nc3 Qc7 6.f4 a6 7.Nxc6 Qxc6 8.Bd3 b5
9.Qe2 Bb7 10.Bd2 Bc5 11.O-O-O Ne7 12.a3 O-O-O 13.Kb1 d6 14.Rhe1 Kb8 15.g3 Qd7
16.Na2 Nc6 17.c4 Nd4 18.Qf1 bxc4 19.Bxc4 d5 20.exd5 Bxd5 21.Bb4 Qc6 22.Rc1 Bg2
23.Qf2 Be4+ 24.Ka1 Nc2+ 25.Qxc2 Bxc2 26.Rxc2 Bb6 27.Bc3 Qf3 28.Bxg7 Rhg8
29.Be5+ Ka7 30.Be2 Qf2 31.Rec1  1/2-1/2

[Event "29th Open"]
[Site "Cappelle la Grande FRA"]
[Date "2013.02.25"]
[Round "4.52"]
[White "Gopal,G"]
[Black "Callet,E"]
[Result "1/2-1/2"]
[WhiteElo "2545"]
[BlackElo "2186"]

1.e4 c5 2.Nf3 e6 3.d4 cxd4 4.Nxd4 Nc6 5.Nc3 Nf6 6.Ndb5 d6 7.Bf4 e5 8.Bg5 a6
9.Na3 b5 10.Nd5 Be7 11.Bxf6 Bxf6 12.c4 b4 13.Nc2 Rb8 14.b3 g6 15.g3 Bg7 16.Bg2 O-O
17.O-O Kh8 18.a3 bxa3 19.Rxa3 f5 20.b4 fxe4 21.Bxe4 Bb7 22.Nc3 Nd4 23.Bxb7 Rxb7
24.Nd5 Qc8 25.Nxd4 exd4 26.Qe2 Rbf7 27.Qa2 g5 28.Qe2 Be5 29.f3 Bg7 30.Kg2 Re8
31.Qd3 Re6 32.Ra2 Qb7 33.Re2 Rxe2+ 34.Qxe2 Rf8 35.Re1 Qf7 36.Qd3 Be5 37.Ra1 Qb7
38.Qb3 Qf7 39.Qd3 Qb7 40.Qa3 Qf7 41.Rd1 Qf5 42.Qd3 Qf7 43.Re1 Qd7 44.c5 Bg7
45.Ne7 dxc5 46.bxc5 Bf6 47.c6 Qd6 48.Qe4 d3 49.Nf5 Qc5 50.Qxd3 Qxc6 51.g4 Rd8
52.Qa3 Rd2+ 53.Kh3 Rd8 54.Rd1 Re8 55.Nd6 Rb8 56.Ne4 Be5 57.Kg2 Rb2+ 58.Rd2  1/2-1/2